书目信息 |
| 题名: |
国外马克思主义的基本问题
|
|
| 作者: | 赵剑英 , 张一兵 主编 | |
| 分册: | ||
| 出版信息: | 北京 社会科学文献出版社 2009.02 |
|
| 页数: | 385页 | |
| 开本: | 24cm | |
| 丛书名: | 马克思哲学论坛文丛 | |
| 单 册: | ||
| 中图分类: | A81 | |
| 科图分类: | ||
| 主题词: | 马克思主义--理论研究 | |
| 电子资源: | ||
| ISBN: | 978-7-80230-246-4 | |
| 000 | 01118nam 2200277 450 | |
| 001 | 003253650 | |
| 005 | 20100810153344.50 | |
| 010 | @a978-7-80230-246-4@dCNY43.00 | |
| 090 | @aB089@bzjy | |
| 100 | @a20100515d2009 em y0chiy50 ea | |
| 101 | 0 | @achi |
| 102 | @aCN@b110000 | |
| 105 | @aa z 000yy | |
| 200 | 1 | @a国外马克思主义的基本问题@Aguo wai ma ke si zhu yi de ji ben wen ti@d= Basic problems in Marxist philosophy abroad@f赵剑英, 张一兵主编@zeng |
| 210 | @a北京@c社会科学文献出版社@d2009.02 | |
| 215 | @a385页@c图@d24cm | |
| 225 | 2 | @a马克思哲学论坛文丛@v3 |
| 330 | @a本书围绕第三届马克思哲学论坛的:主题当代国外马克思主义哲学的基本问题及趋向,分为马克思哲学的理论品格、西方马克思主义的基本问题及后马克思主义的理论空间等专题展开,为读者了解当代国外马克思主义的最新进展提供了有价值的研究成果。 | |
| 410 | 0 | @12001 @a马克思哲学论坛文丛 |
| 510 | 1 | @aBasic problems in Marxist philosophy abroad@zeng |
| 606 | 0 | @a马克思主义@x理论研究 |
| 690 | @aA81@v4 | |
| 701 | 0 | @a赵剑英@Azhao jian ying@f1964-@4主编 |
| 701 | 0 | @a张一兵@Azhang yi bing@f1956-@4主编 |
| 801 | 0 | @c20100515 |
| 905 | @dA81@eZ300@f5 | |
| 国外马克思主义的基本问题= Basic problems in Marxist philosophy abroad/赵剑英, 张一兵主编.-北京:社会科学文献出版社,2009.02 |
| 385页:图;24cm.-(马克思哲学论坛文丛;3) |
| ISBN 978-7-80230-246-4:CNY43.00 |
| 本书围绕第三届马克思哲学论坛的:主题当代国外马克思主义哲学的基本问题及趋向,分为马克思哲学的理论品格、西方马克思主义的基本问题及后马克思主义的理论空间等专题展开,为读者了解当代国外马克思主义的最新进展提供了有价值的研究成果。 |
| ● |
| 相关链接 |
|
|
|
正题名:国外马克思主义的基本问题
索取号:A81/Z300
 
预约/预借
| 序号 | 登录号 | 条形码 | 馆藏地/架位号 | 状态 | 备注 |
| 1 | 1020841 | 210208416 | 社科库509/422社科库 27排2列5层/ [索取号:A81/Z300] | 在馆 | |
| 2 | 1020842 | 210208425 | 社科库509/509社科库 4排1列2层/ [索取号:A81/Z300] | 在馆 | |
| 3 | 1020843 | 210208434 | 社科库509/509社科库 4排1列2层/ [索取号:A81/Z300] | 在馆 | |
| 4 | 1020844 | 210208443 | 社科库509/509社科库 4排1列2层/ [索取号:A81/Z300] | 在馆 | |
| 5 | 1020845 | 210208452 | 社科库509/422社科库 27排2列5层/ [索取号:A81/Z300] | 在馆 |